Statystyki dla Polski alfabet od tyłu

Kliknij tutaj aby rozwiązać quiz!

Ogólne statystyki

  • Ten quiz został rozwiązany 395 razy
  • Średni wynik to 19 z 31

Statystyki odpowiedzi

Odpowiedź% Poprawnych
ż
97%
ź
94%
z
93%
y
87%
w
82%
u
77%
t
74%
ś
72%
s
69%
r
67%
p
65%
o
63%
ń
61%
n
61%
m
60%
l
59%
ł
58%
k
57%
j
54%
i
53%
a
50%
g
49%
h
49%
f
47%
ą
46%
ę
46%
e
45%
b
43%
ć
43%
c
43%
d
43%

Rozkład punktacji

Percentyl według liczby udzielonych odpowiedzi

Procent ludzi z każdym wynikiem

Twoja historia wyników

Nie rozwiązałeś tego quizu